000 00659nam a2200229Ia 4500
003 OSt
005 20220923224102.0
006 a|||||r|||| 00| 0
007 ta
008 Pun
024 _a225,342
037 _cTextual
040 _aARTS
_cARTS
_bPun
041 _2Pun
_aPun
082 _aY:351.236, 153P4
100 _aਮਾਦਪੂਰੀ, ਸੁਖਦੇਵ
245 0 _aਮਹਿਕ ਪੰਜਾਬ ਦੀ
260 _aਲੁਧਿਆਣਾ
_b ਲਾਹੋਰ ਬੂਕ Fਾਪ
_c2004
300 _a288ਪੰ
_ccm.
942 _hY:351.236, 153P4
_cTEXL
_2CC
999 _c369122
_d369122